000 00936cab a22002175a 4500
001 L153777
008 110830e2011 xxk 000 0 eng d
035 _a(Sirsi) u153777
041 0 _aeng
110 2 _aEuroProperty
_91216
245 0 0 _aCapital conversions
260 _c2011
490 0 _aEuroProperty
_v8 August 2011, 6-7(2)
520 _aConversion from offices to residential use is increasing in London to meet the strong demand for more housing. Compares Amsterdam's experience in office conversion where it is seen as a solution to the housing shortage but also a way of tackling the city's 16.5% office vacancy rate. Stresses that conversion which is rare in Europe is easier said than done.
590 _aKA
651 4 _aLondon
651 4 _aNetherlands
690 _aPROPERTY-RESIDENTIAL PROPERTY-RESIDENTIAL PROPERTY MARKET
690 _aPROPERTY-COMMERCIAL PROPERTY-COMMERCIAL PROPERTY MARKET
942 _n0
999 _c83371
_d83371